[Event "Belgrade Rating op 2nd"]
[Site "Belgrade"]
[Date "2020.03.01"]
[Round "5"]
[White "Bajin, Zoran"]
[Black "Petrovic, Aleksa"]
[Result "0-1"]
[WhiteElo "1850"]
[BlackElo "2094"]
[PlyCount "72"]
[EventDate "2020.02.28"]
[EventType "swiss"]
[EventRounds "5"]
[EventCountry "SRB"]
[SourceTitle "CBM 195 Extra"]
[Source "ChessBase"]
[SourceDate "2020.05.31"]
[SourceVersion "1"]
[SourceVersionDate "2020.05.31"]
[SourceQuality "1"]

1. Nf3 Nf6 2. d4 g6 3. c4 Bg7 4. Nc3 0-0 5. e4 d6 6. Be2 e5 7. dxe5 dxe5 8. Qxd8 Rxd8 9. Bg5 Nbd7 10. 0-0-0 Rf8 11. Nd2 c6 12. Kc2 Nc5 13. Be3 Ne6 14. Nb3 Re8 15. g3 h5 16. f3 Bf8 17. Rd2 Nd7 18. Rhd1 Ndc5 19. Nxc5 Nxc5 20. b4 Ne6 21. c5 Bg7 22. a3 a5 23. Kb3 axb4 24. axb4 Nd4+ 25. Bxd4 exd4 26. Rxd4 Bxd4 27. Rxd4 Be6+ 28. Bc4 Bxc4+ 29. Kxc4 Red8 30. e5 Rxd4+ 31. Kxd4 Kg7 32. Ne4 h4 33. Nd6 h3 34. b5 Ra2 35. Nxb7 Rxh2 36. bxc6 Ra2 0-1